Treatise on analytical chemistry. Part II. 14 V (Record no. 24005)

MARC details
000 -LEADER
fixed length control field 00328nam a2200121Ia 4500
082 ## - DEWEY DECIMAL CLASSIFICATION NUMBER
Classification number 543
Item number KOL
245 #0 - TITLE STATEMENT
Title Treatise on analytical chemistry. Part II. 14 V
260 ## - PUBLICATION, DISTRIBUTION, ETC. (IMPRINT)
Place of publication New York
Name of publisher Interscience
Year of publication 1961
650 ## - SUBJECT ADDED ENTRY--TOPICAL TERM
Topical Term Analytical chemistry
700 ## - ADDED ENTRY--PERSONAL NAME
Personal name Kolthoff, I M
942 ## - ADDED ENTRY ELEMENTS (KOHA)
Koha item type Books
Holdings
Withdrawn status Lost status Damaged status Not for loan Home library Current library Date acquired Full call number Accession Number Koha item type
        RRII Library RRII Library 16/12/2021 543 KOL 04694 Books